000
00324nam a2200145Ia 4500
008
150301s2015 xx 000 0 und d
082
_a
610
_b
M10M
100
_a
B.K MAHAJAN
245
_a
MUTHADS IN BIOSTATICS
250
_a
7TH
260
_b
JEUYPEE MED PUB
300
_a
335
650
_a
BIOSTATISTICS
942
_2
ddc
_c
BK
999
_c
7247
_d
7247